LoL Esports Players 2025 - Statistics

General Stats
  • This quiz has been taken 38 times
  • The average score is 98 of 283
Answer Stats
Role Player REGION 2025 2024 2023 2022 2021 % Correct
MID Faker South Korea T1 T1 T1 T1 T1
91%
TOP Doran South Korea T1 Hanwha Life Gen.G Gen.G KT Rolster
84%
BOT Gumayusi South Korea T1 T1 T1 T1 T1
84%
SUP Keria South Korea T1 T1 T1 T1 T1
84%
TOP Zeus South Korea Hanwha Life T1 T1 T1 T1
84%
SUP ON China Bilibili Gaming Bilibili Gaming Bilibili Gaming Weibo Gaming Weibo Gaming
81%
JGL Oner South Korea T1 T1 T1 T1 T1
81%
BOT Viper South Korea Hanwha Life Hanwha Life Hanwha Life EDward Gaming EDward Gaming
81%
MID Chovy South Korea Gen.G Gen.G Gen.G Gen.G Hanwha Life
78%
SUP Duro South Korea Gen.G BNK FEARX HLE Academy BFX Academy BFX Academy
78%
TOP Kiin South Korea Gen.G Gen.G KT Rolster DN Freecs DN Freecs
78%
BOT Ruler South Korea Gen.G JD Gaming JD Gaming Gen.G Gen.G
78%
MID ShowMaker South Korea Dplus KIA Dplus KIA Dplus KIA Dplus KIA Dplus KIA
78%
TOP Bin China Bilibili Gaming Bilibili Gaming Bilibili Gaming Bilibili Gaming Weibo Gaming
75%
JGL Canyon South Korea Gen.G Gen.G Dplus KIA Dplus KIA Dplus KIA
75%
MID Zeka South Korea Hanwha Life Hanwha Life Hanwha Life DRX Bilibili Gaming
75%
BOT Aiming South Korea Dplus KIA Dplus KIA KT Rolster KT Rolster Bilibili Gaming
72%
BOT Diable South Korea BNK FEARX BFX Academy BFX Academy BFX Academy Shadow ELG
72%
JGL Kanavi South Korea Top Esports JD Gaming JD Gaming JD Gaming JD Gaming
72%
MID Knight China Bilibili Gaming Bilibili Gaming JD Gaming Top Esports Top Esports
72%
JGL Peanut South Korea Hanwha Life Hanwha Life Gen.G Gen.G NS RedForce
72%
BOT Smash South Korea T1 T1 Academy T1 Academy T1 Academy T1 Academy
72%
MID Bdd South Korea KT Rolster KT Rolster KT Rolster NS RedForce Gen.G
69%
BOT deokdam South Korea KT Rolster FunPlus Phoenix DRX Dplus KIA NS RedForce
69%
BOT Peyz South Korea JD Gaming Gen.G Gen.G GEN Academy GEN Academy
69%
SUP BeryL South Korea Dplus KIA KT Rolster DRX DRX Dplus KIA
66%
MID Caps Europe G2 Esports G2 Esports G2 Esports G2 Esports G2 Esports
66%
SUP Delight South Korea Hanwha Life Hanwha Life Gen.G OK BRION OK BRION
66%
BOT Elk China Bilibili Gaming Bilibili Gaming Bilibili Gaming Ultra Prime Team WE
66%
BOT Hope China Anyone's Legend Anyone's Legend Team WE JD Gaming EDward Gaming
66%
TOP Kingen South Korea NS RedForce Dplus KIA Hanwha Life DRX DRX
66%
SUP Peter South Korea KT Rolster NS RedForce NS RedForce NS RedForce NS Academy
66%
JGL Pyosik South Korea DN Freecs KT Rolster Team Liquid DRX DRX
66%
MID Scout South Korea JD Gaming LNG Esports LNG Esports EDward Gaming EDward Gaming
66%
TOP TheShy China Invictus Gaming --- Weibo Gaming Weibo Gaming Invictus Gaming
66%
TOP 369 China Top Esports Top Esports JD Gaming JD Gaming Top Esports
63%
SUP Kellin South Korea BNK FEARX Dplus KIA Dplus KIA Dplus KIA NS RedForce
63%
SUP Lehends South Korea NS RedForce Gen.G KT Rolster Gen.G DN Freecs
63%
TOP PerfecT South Korea KT Rolster KT Rolster KT Academy KT Academy KT Academy
63%
MID Shanks China Anyone's Legend Anyone's Legend Team WE Team WE Team WE
63%
TOP Siwoo South Korea Dplus KIA DK Academy DK Academy DK Academy ---
63%
JGL Tarzan South Korea Anyone's Legend Weibo Gaming LNG Esports LNG Esports LNG Esports
63%
MID VicLa South Korea BNK FEARX Rare Atom FlyQuest KT Rolster KT Academy
63%
TOP Canna South Korea Karmine Corp Karmine Corp Dplus KIA NS Redforce T1
59%
JGL Cuzz South Korea KT Rolster DN Freecs KT Rolster KT Rolster T1
59%
TOP Flandre China Anyone's Legend JD Gaming --- EDward Gaming EDward Gaming
59%
BOT Hans Sama Europe G2 Esports G2 Esports G2 Esports Team Liquid Rogue
59%
JGL Lucid South Korea Dplus KIA Dplus KIA DK Academy DK Academy DK Academy
59%
JGL Raptor South Korea BNK FEARX BNK FEARX BRO Academy BRO Academy BRO Academy
59%
JGL Shad0w Europe/
China
Bilibili Gaming LNG Esports(SUB) Ninjas in Pyjamas --- LGD Gaming
59%
JGL Wei China Invictus Gaming Bilibili Gaming RNG RNG RNG
59%
BOT Berserker South Korea DN Freecs Cloud9 Cloud9 Cloud9 T1 Academy
56%
TOP BrokenBlade Europe G2 Esports G2 Esports G2 Esports G2 Esports FC Schalke 04
56%
BOT GALA China Invictus Gaming LNG Esports LNG Esports RNG RNG
56%
SUP Kael South Korea Anyone's Legend Anyone's Legend BNK FearX GEN Academy GEN Academy
56%
SUP Meiko China Invictus Gaming Top Esports EDward Gaming EDward Gaming EDward Gaming
56%
MID Rookie China Invictus Gaming Ninjas in Pyjamas Top Esports Ninjas in Pyjamas Invictus Gaming
56%
JGL Xun China JD Gaming Bilibili Gaming Bilibili Gaming Invictus Gaming Invictus Gaming
56%
JGL Yike Europe Karmine Corp G2 Esports G2 Esports LDLC OL Team Oplon
56%
MID BuLLDoG South Korea DN Freecs DN Freecs DN Freecs DNF Academy DNF Academy
53%
TOP Clear South Korea BNK FEARX BNK FEARX DRX Academy DRX Academy DRX Academy
53%
TOP DuDu South Korea DN Freecs DN Freecs DN Freecs Hanwha Life Hanwha Life
53%
MID Jojopyun North America Movistar KOI Cloud9 Evil Geniuses Evil Geniuses Evil Geniuses
53%
SUP Jun South Korea GIANTX Fnatic DN Freecs DRX Academy DRX Academy
53%
SUP Labrov Europe G2 Esports Team BDS Team BDS Team Vitality Team Vitality
53%
SUP MikyX Europe Fnatic G2 Esports G2 Esports GIANTX G2 Esports
53%
JGL SkewMond Europe G2 Esports BDS Academy Aegis ViV Esport ZennIT Gaming
53%
JGL Sponge South Korea DRX DRX DRX Academy Spear Gaming ---
53%
BOT Teddy South Korea DRX DRX BNK FEARX DN Freecs T1
53%
MID Ucal South Korea DRX TT Gaming TT Gaming TT Gaming KT Rolster
53%
MIDTOP Xiaohu China Weibo Gaming Weibo Gaming Weibo Gaming RNG RNG
53%
JGL Beichuan China Bilibili Gaming TT Gaming TT Gaming TT Gaming FunPlus Phoenix
50%
BOT Caliste Europe Karmine Corp Karmine Corp Blue Karmine Corp Omerix Esport Otterz Esport
50%
MID Clozer South Korea OK BRION BNK FEARX BNK FEARX BNK FEARX T1
50%
MID Doinb South Korea Ninjas in Pyjamas --- --- LNG Esports FunPlus Phoenix
50%
JGL Elyoya Europe Movistar KOI Movistar KOI Movistar KOI Movistar KOI Movistar KOI
50%
BOT JackeyLove China Top Esports Top Esports Top Esports Top Esports Top Esports
50%
MID Poby South Korea Fnatic T1 Academy T1 Academy T1 Academy T1 Academy
50%
JGL Razork Europe Fnatic Fnatic Fnatic Fnatic Misfits Gaming
50%
MID Creme China Top Esports Top Esports Oh My God Oh My God Oh My God
47%
TOP Impact South Korea Team Liquid Team Liquid FlyQuest Evil Geniuses Evil Geniuses
47%
JGL Jiejie China FunPlus Phoenix EDward Gaming EDward Gaming EDward Gaming EDward Gaming
47%
SUP Life South Korea DN Freecs FunPlus Phoenix Hanwha Life KT Rolster Gen.G
47%
TOP Morgan South Korea OK BRION OK BRION OK BRION OK BRION Hanwha Life
47%
TOP Oscarinin Europe Fnatic Fnatic Fnatic FNC Academy G2 Academy
47%
TOP Rich South Korea DRX Dignitas Dignitas Ninjas in Pyjamas NS RedForce
47%
JGL Tian China Weibo Gaming Top Esports Top Esports Top Esports FunPlus Phoenix
47%
TOP Xiaoxu China JD Gaming Rare Atom Rare Atom Royal Club RNG(SUB)
47%
BOT Ahn China EDward Gaming Invictus Gaming Invictus Gaming Invictus Gaming Rare Atom
44%
TOP Bwipo Europe FlyQuest FlyQuest Team Liquid Team Liquid Fnatic
44%
BOT Doggo Asia-Pacific CTBC Flying Oyster Ultra Prime Ultra Prime BLG Academy Beyond Gaming
44%
MID HongQ Asia-Pacific CTBC Flying Oyster CFO Academy --- --- ---
44%
BOT Jiwoo South Korea NS RedForce NS RedForce NS RedForce NS Academy ---
44%
JGL JunJia Asia-Pacific CTBC Flying Oyster PSG Talon PSG Talon EDward Gaming(SUB) EDward Gaming(SUB)
44%
SUP Alvaro Europe Movistar KOI Movistar KOI Movistar KOI G2 Academy Kawaii Kiwis
41%
SUP Andil South Korea DRX DN Freecs DNF Academy DNF Academy DNF Academy
41%
MID Calix South Korea NS RedForce NS RedForce NS Academy NS Academy NS Academy
41%
SUP Crisp China Weibo Gaming Weibo Gaming Weibo Gaming Bilibili Gaming FunPlus Phoenix
41%
TOP DnDn South Korea SK Gaming NS Academy NS RedForce NS Academy NS Academy
41%
JGL GIDEON South Korea NS RedForce OK BRION Invictus Gaming KT Rolster KT Rolster
41%
SUP Hang China Top Esports LNG Esports LNG Esports FunPlus Phoenix Rare Atom
41%
BOT Hans SamD South Korea Navi BK Rog Esports Estral Esports Hanwha Life TT Gaming
41%
JGL Levi Asia-Pacific GAM Esports GAM Esports GAM Esports GAM Esports GAM Esports
41%
SUPBOT Rekkles Europe Los Ratones T1 Academy Fnatic Karmine Corp G2 Esports
41%
BOT Supa Europe Movistar KOI Movistar KOI Movistar KOI G2 Academy G2 Academy
41%
BOT Upset Europe Fnatic Karmine Corp Team Vitality Fnatic Fnatic
41%
TOP Zika China LNG Esports LNG Esports LNG Esports Invictus Gaming BLG Academy
41%
MID APA North America Team Liquid Team Liquid Team Liquid Maryville University Resolve NA
38%
MID Care China FunPlus Phoenix FunPlus Phoenix FunPlus Phoenix FunPlus Phoenix FPX Academy
38%
SUP CoreJJ South Korea Team Liquid Team Liquid Team Liquid Team Liquid Team Liquid
38%
JGL Croco South Korea OK BRION Anyone's Legend DRX BNK FEARX BNK FEARX
38%
TOP Dhokla North America 100 Thieves NRG NRG CLG TL Academy
38%
JGL Inspired Europe FlyQuest FlyQuest Evil Geniuses Evil Geniuses Rogue
38%
MID Maple Asia-Pacific PSG Talon PSG Talon PSG Talon TSM PSG Talon
38%
BOT Massu North America FlyQuest FlyQuest FLY Academy Team Pending ---
38%
BOT Noah South Korea GIANTX Fnatic Fnatic KT Academy KT Academy
38%
MID Quad South Korea FlyQuest FlyQuest NS RedForce(SUB) --- DRX Academy
38%
MID Quid South Korea 100 Thieves 100 Thieves 100 Thieves GEN Academy GEN Academy
38%
BOT Taeyoon South Korea Team WE DNF Academy DN Freecs DRX(SUB) DRX(SUB)
38%
SUP Targamas Europe Karmine Corp Karmine Corp Karmine Corp Excel Esports Karmine Corp
38%
MID Vladi Europe Karmine Corp Karmine Corp Nativz Riddle Esports Hive Athens EC
38%
TOP Adam Europe Navi Team BDS Team BDS Fnatic Karmine Corp
34%
TOP Breathe China Weibo Gaming Weibo Gaming RNG RNG Team WE
34%
SUP Busio North America FlyQuest FlyQuest 100 Thieves 100T Academy 100T Academy
34%
TOP Driver Asia-Pacific CTBC Flying Oyster CTBC Flying Oyster J Team J Team J Team
34%
MID Jackies Europe GIANTX GIANTX Entropiq Dynamo Eclot Vikingekrig Esports
34%
BOT LazyFeel South Korea DRX DRX Academy --- --- ---
34%
SUP Parus Europe Team BDS BDS Academy İstanbul Wildcats Beşiktaş Esports SUP Blaze Academy
34%
SUP Pollu South Korea OK BRION OK BRION BRO Academy BRO Academy ---
34%
TOP sheer China FunPlus Phoenix JD Gaming --- --- ---
34%
SUP Vampire China Team WE Invictus Gaming --- --- ---
34%
JGL Xiaohao China EDward Gaming Rare Atom Anyone's Legend Anyone's Legend Anyone's Legend
34%
TOP Baus Europe Los Ratones --- --- --- ---
31%
BOT Betty Asia-Pacific PSG Talon PSG Talon Beyond Gaming Anyone's Legend Rogue Warriors
31%
BOT Carzzy Europe Team Vitality Team Vitality Movistar KOI Team Vitality Movistar KOI
31%
JGL HamBak South Korea OK BRION KT Academy BNK FEARX BFX Academy ---
31%
TOP HOYA South Korea TT Gaming TT Gaming TT Gaming TT Gaming OK BRION
31%
SUP Kaiwing Asia-Pacific CTBC Flying Oyster Frank Esports Frank Esports PSG Talon PSG Talon
31%
BOT Leave China Ninjas in Pyjamas EDward Gaming EDG Academy EDG Academy EDG Academy
31%
BOT Light China Weibo Gaming Weibo Gaming Weibo Gaming LNG Esports LNG Esports
31%
JGL milkyway China FunPlus Phoenix FunPlus Phoenix Royal Club RNG ---
31%
MID Nemesis Europe Los Ratones --- --- --- ---
31%
SUP Parukia China EDward Gaming --- --- --- ---
31%
TOP Rest Asia-Pacific CTBC Flying Oyster CTBC Flying Oyster CTBC Flying Oyster CTBC Flying Oyster J Team
31%
TOP Zdz China EDward Gaming FunPlus Phoenix Anyone's Legend Anyone's Legend Anyone's Legend
31%
SUP Zhuo China JD Gaming Ninjas in Pyjamas Ninjas in Pyjamas Top Esports Top Esports
31%
BOT 1xn China TT Gaming TT Gaming TT Gaming JDG Academy JDG Academy
28%
MID Angel China EDward Gaming Oh My God Ninjas in Pyjamas Weibo Gaming Weibo Gaming
28%
TOP Azhi Asia-Pacific PSG Talon PSG Talon PSG Talon PSG Talon West Point Esports
28%
TOP Carlsen Europe Team Heretics Los Heretics MOUZ NXT Astralis Talent Astralis Talent
28%
BOT Crownie Europe Los Ratones Team BDS Team BDS BDS Academy Team Vitality
28%
BOT FBI Oceania 100 Thieves NRG NRG 100 Thieves 100 Thieves
28%
TOP Gakgos Europe FlyQuest NASR Turkey --- --- ---
28%
BOT Hype South Korea OK BRION KT Academy KT Academy BFX Academy BFX Academy
28%
JGL Karsa Asia-Pacific PSG Talon CTBC Flying Oyster Weibo Gaming(SUB) Victory Five Top Esports
28%
TOP Kiaya Asia-Pacific GAM Esports GAM Esports GAM Esports GAM Esports GAM Esports
28%
MID Larssen Europe Navi Rogue Movistar KOI Rogue Rogue
28%
TOP Lot Europe GIANTX Galions Aegis Beşiktaş Esports IWC Academy
28%
JGL Lyncas Europe Team Vitality Team Vitality Team GO Dusty WAVE Esports
28%
JGL Monki China Team WE EDG Academy EDward Gaming(SUB) EDG Academy EDG Academy
28%
JGL Sheo Europe Team Heretics Team BDS Team BDS BDS Academy TUEURS
28%
JGL Velja Europe Los Ratones --- --- --- ---
28%
SUP Woody Asia-Pacific PSG Talon PSG Talon PSG Talon Deep Cross Gaming J Team
28%
BOT Zven Europe Cloud9 Dignitas Cloud9 Cloud9 C9 Academy
28%
TOP Cube China Team WE Oh My God Team WE Rare Atom Rare Atom
25%
MID Dire Asia-Pacific Team Secret Whales Baby Whales Baby Whales --- ---
25%
MID Emo Asia-Pacific GAM Esports GAM Esports MGN Blue Esports MGN Blue Esports ---
25%
SUP Fleshy Europe Team Vitality Karmine Corp Blue Papara SuperMassive NASR Turkey NASR Turkey
25%
JGL Hizto Asia-Pacific Team Secret Whales Baby Whales Baby Whales --- ---
25%
SUP Hylissang Europe Team Vitality Team Vitality Movistar KOI Fnatic Fnatic
25%
BOT Ice South Korea Team BDS Team BDS Zero Tenacity BFX Academy BFX Academy
25%
JGL ISMA Europe GIANTX SK Gaming Movistar KOI FC Schalke 04 FC Nantes Esports
25%
BOT JiaQi China FunPlus Phoenix TES Academy TES Academy TES Academy TES Academy
25%
SUP Jwei China FunPlus Phoenix Rare Atom BLG Academy BLG Academy BLG Academy
25%
MID Kamiloo Europe Team Heretics IziDream Atletec --- ---
25%
MID Karis South Korea Team WE BRO Academy OK BRION Hanwha Life GEN Academy
25%
SUP Malrang South Korea Navi KaBuM! Esports Movistar KOI Rogue Dplus KIA
25%
TOP Myrwyn Europe Movistar KOI Movistar KOI BISONS ECLUB BISONS ECLUB Astralis SB
25%
TOP Naak Nako Europe Team Vitality Vitality Academy --- Fenerbahçe Esports ---
25%
JGL naiyou China Ninjas in Pyjamas RA Academy TES Academy --- ---
25%
MID nuc Europe Team BDS Team BDS Team BDS Team BDS FC Schalke 04
25%
JGL Skeanz Europe SK Gaming Papara SuperMassive Karmine Corp Vitality Academy Vitality Academy
25%
JGL UmTi South Korea Team Liquid Team Liquid OK BRION OK BRION OK BRION
25%
JGL Aki China TT Gaming Ninjas in Pyjamas(SUB) Oh My God Oh My God Oh My God
22%
JGL Boukada Europe Team BDS Galions Team Du Sud Atletec Team MCES
22%
BOT Eddie Asia-Pacific Team Secret Whales Team Secret Team Secret Team Secret Team Secret
22%
TOP Pun Asia-Pacific Team Secret Whales CERBERUS CERBERUS CERBERUS CERBERUS
22%
JGL River South Korea 100 Thieves 100 Thieves Golden Guardians Golden Guardians PSG Talon
22%
TOP Rooster South Korea Team BDS HLE Academy HLE Academy HLE Academy HLE Academy
22%
MID Saint South Korea LYON DK Academy DK Academy DK Academy ---
22%
SUP Stend Europe Team Heretics Vitality Academy MKOI Academy Dusty TP Adéquat Academy
22%
JGL Thayger Europe Navi Barça eSports Ramboot Club UCAM Esports ---
22%
SUP Wink China JD Gaming EDward Gaming Invictus Gaming Invictus Gaming Invictus Gaming
22%
MID Aress Asia-Pacific GAM Esports Team Secret TS Academy --- ---
19%
JGL Blaber North America Cloud9 Cloud9 Cloud9 Cloud9 Cloud9
19%
MID Czajek Europe Team Vitality Vitality Academy Vitality Academy Misfits Academy PDW
19%
TOP Evi Asia-Pacific SoftBank HAWKS SoftBank HAWKS Team Heretics DetonatioN FM DetonatioN FM
19%
SUP Feather China TT Gaming TT Gaming Rare Atom JDG Academy JDG Academy
19%
BOT Flakked Europe Team Heretics Team Heretics Team Heretics G2 Esports Movistar KOI
19%
MID haichao China LNG Esports LGD Gaming LGD Gaming LGD Gaming LGD Academy
19%
TOP Irrelevant Europe Team BDS SK Gaming SK Gaming Misfits Gaming Misfits Academy
19%
JGL iyy China FunPlus Phoenix FunPlus Phoenix --- --- ---
19%
TOP Photon South Korea Dignitas Team Vitality Team Vitality T1 Academy BFX Academy
19%
TOP Solokill Asia-Pacific Ninjas in Pyjamas EDward Gaming EDG Academy EDward Gaming(SUB) WanZhen Esports Club
19%
SUP Taki Asia-Pacific Team Secret Whales Team Secret Team Secret Saigon Buffalo Saigon Buffalo
19%
TOP Thanatos South Korea Cloud9 Cloud9 DK Academy DK Academy DK Academy
19%
SUP Vulcan North America Cloud9 Cloud9 FlyQuest Evil Geniuses Evil Geniuses
19%
BOT Yeon North America Team Liquid Team Liquid Team Liquid TL Academy TL Academy
19%
MID Abbedagge Europe SK Gaming Karmine Corp Blue Excel Esports 100 Thieves 100 Thieves
16%
BOT Artemis Asia-Pacific GAM Esports Team Whales CERBERUS Esports CERBERUS Esports CERBERUS Esports
16%
JGL Climber China LGD Gaming LGD Academy NIP Academy NIP Academy BLG Academy
16%
SUP Eyla Oceania 100 Thieves 100 Thieves Evil Geniuses TL Academy TL Academy
16%
MID FATE South Korea SoftBank HAWKS OK BRION DRX DN Freecs BNK FEARX
16%
TOP Fudge Oceania Shopify Rebellion Cloud9 Cloud9 Cloud9 Cloud9
16%
BOT Hena South Korea LYON BNK FEARX OK BRION OK BRION OK BRION
16%
SUP Isles Oceania Dignitas Dignitas Wildcard Gaming C9 Academy C9 Academy
16%
BOT Keduii Europe SK Gaming BDS Academy SK Academy GIANTX Academy Berlin International Gaming
16%
MID RKR Europe SK Gaming BDS Academy BDS Academy BDS Academy Berlin International Gaming
16%
MID SeTab South Korea TT Gaming DRX DRX Academy DRX Academy DRX Academy
16%
TOP Sniper North America 100 Thieves 100 Thieves 100T Academy 100T Academy 100T Academy
16%
JGL Tatu South America FURIA
16%
SUP Xiaoxia China Ultra Prime BLG Academy BLG Academy BLG Academy ---
16%
SUP Ycx China LGD Gaming TES Academy NIP Academy AL Academy All Combo
16%
JGL Yuuji Europe Team Liquid DarkZero Dragonsteel FLY Academy FLY Academy Bethany Lutheran
16%
TOP 1Jiang Asia-Pacific Ultra Prime Frank Esports Nate.A --- ---
13%
MID Aria South Korea DetonatioN FM DetonatioN FM DetonatioN FM KT Rolster DetonatioN FM
13%
BOT Baiye China Ultra Prime BLG Academy BLG Academy --- ---
13%
BOT Bvoy South Korea Shopify Rebellion Shopify Rebellion paiN Gaming Estral Esports Estral Esports
13%
TOP Castle South Korea Disguised Immortals KT Academy KT Academy KT Academy
13%
JGL Contractz North America Shopify Rebellion NRG NRG CLG EG Academy
13%
JGL Courage South Korea SoftBank HAWKS DNF Academy DNF Academy DNF Academy BFX Academy
13%
MID DARKWINGS North America Disguised Winthrop University St. Louis University 100T Academy AOE Esports
13%
SUP Elio Asia-Pacific GAM Esports GAM Esports CERBERUS Esports GAM Esports Burst The Sky
13%
TOP Guigo South America FURIA Vivo Keyd Stars Vivo Keyd Stars RED Canids RED Canids
13%
TOP Hiro02 Asia-Pacific Team Secret Whales Team Secret Team Secret Team Secret SBTC Esports
13%
SUP huhi North America Disguised NRG Golden Guardians 100 Thieves 100 Thieves
13%
MID JimieN Asia-Pacific Chiefs Esports Club Frank Esports CTBC Flying Oyster 100T Academy Machi Esports
13%
TOP Kratos Asia-Pacific MGN Vikings Esports MGN Vikings Esports TS Academy --- ---
13%
SUPMID Loopy South Korea SK Gaming Isurus DK Academy BRO Academy BRO Academy
13%
BOT LP China LNG Esports Team WE(SUB) RNG LNG Academy LNG Academy
13%
SUP Luon South Korea Chiefs Esports Club SK Gaming NS Academy NS Academy DNF Academy
13%
MID Palafox North America Shopify Rebellion NRG CLG CLG FlyQuest
13%
TOP RayFarky Asia-Pacific DetonatioN FM DetonatioN FM Burning Core Burning Core Burning Core
13%
TOP sasi China LGD Gaming --- TT Academy TT Academy(SUB) TT Academy(SUB)
13%
BOT Sav1or China LGD Gaming LGD Gaming IG Academy Young Miracles Young Miracles
13%
BOT Shogun Asia-Pacific MGN Vikings Esports MGN Vikings Esports MGN Vikings Esports MGN Vikings Esports MGN Vikings Esports(SUB)
13%
BOT Slayder Asia-Pacific Chiefs Esports Club Nigma Galaxy GAM Esports Genius Esports Team Secret
13%
JGL xiaohuangren China TT Gaming TT Academy TT Academy TT Academy TT Academy
13%
MID xqw China LGD Gaming --- LGD Academy LGD Academy WE Academy
13%
TOP BioPanther Asia-Pacific Chiefs Esports Club Team Bliss Chiefs Esports Club ORDER Pentanet.GG
9%
SUP Ceos South America Shopify Rebellion KaBuM! Esports LOUD LOUD LOUD
9%
JGL eXyu North America Disguised Fear x Starforge Dignitas Dignitas C9 Academy
9%
BOT fishone China LNG Esports --- --- --- ---
9%
JGL Gury Asia-Pacific MGN Vikings Esports MGN Vikings Esports(SUB) --- --- ---
9%
MID Loki South Korea Cloud9 HLE Academy HLE Academy HLE Academy ---
9%
SUP Lyonz Latin America LYON LYON LYON Leviatan Undead Gaming
9%
BOT Marble Asia-Pacific SoftBank HAWKS SoftBank HAWKS SoftBank HAWKS SoftBank HAWKS V3 Esports
9%
SUP Niket China Ninjas in Pyjamas Ultra Prime TES Academy TES Academy TES Academy
9%
SUP OvO China LNG Esports Royal Club(SUB) --- --- ---
9%
BOT Rahel South Korea Disguised SK Gaming DK Academy DK Academy DK Academy
9%
MID Saber China Ultra Prime UP Academy --- --- ---
9%
JGL Whynot Asia-Pacific Chiefs Esports Club Team Bliss Team Bliss Pentanet.GG(SUB) Legacy Esports(SUB)
9%
JGL Junhao China Ultra Prime BLG Academy BLG Academy --- ---
6%
BOT Kakkun Asia-Pacific DetonatioN FM Sengoku Gaming FENNEL Academy CGA Academy ---
6%
MID Kati Asia-Pacific MGN Vikings Esports MGN Vikings Esports GAM Esports GAM Esports GAM Esports
6%
TOP Momo Asia-Pacific DetonatioN FM DFM Academy FENNEL Academy CGA Academy CGA Academy
6%
JGL Oddielan Latin America LYON LYON LYON LYON LYON
6%
JGL Sheiden North America Dignitas FLY Academy Evil Geniuses C9 Academy ---
6%
SUP SiuLoong Asia-Pacific MGN Vikings Esports Baby Whales Baby Whales --- ---
6%
TOP Srtty North America LYON FLY Academy EG Academy EG Academy EG Academy
6%
BOT Tomo North America Dignitas 100 Thieves Dignitas FLY Academy FlyQuest
6%
JGL Yohan South Korea SoftBank HAWKS NASR Turkey GamerLegion --- Hanwha Life
6%
JGL Citrus South Korea DetonatioN FM Aegis --- DNF Academy DNF Academy
3%
SUP Gaeng South Korea SoftBank HAWKS Sengoku Gaming Estral Esports(SUB) --- DetonatioN FM
3%
MID Keine South Korea Dignitas LYON INFINITY XTEN Esports DNF Academy
3%
BOT Marvin South America Fluxo W7M paiN Gaming --- LKZ Project ---
3%
JGL xiaofang China LNG Esports Oh My God TES Academy(SUB) TES Academy(SUB) TES Academy(SUB)
3%
TOP curty South America Fluxo W7M LOUD Academy LOUD Academy --- ---
0%
MID Fuuu South America Fluxo W7M Fluxo FUR Academy FUR Academy ---
0%
SUP Harp South Korea DetonatioN FM DetonatioN FM DetonatioN FM DetonatioN FM KT Rolster(SUB)
0%
SUP ProDelta South America Fluxo W7M Vivo Keyd Stars paiN Gaming paiN Academy paiN Academy
0%
BOT Sty1e Asia-Pacific MGN Vikings Esports MGN Blue Esports GAM Esports GAM Esports GAM Esports
0%
JGL Yampi South America Fluxo W7M INTZ INTZ INTZ Vorax Liberty
0%
No matching quizzes found
Score Distribution
Percent of People with Each Score
Percentile by Number Answered
Your Score History
You have not taken this quiz